| 000 | 00471nam a2200145 4500 | ||
|---|---|---|---|
| 008 | 151204b xxu||||| |||| 00| 0 eng d | ||
| 020 | _a0131445030 | ||
| 050 | _aQA 152.2.M37 2005 | ||
| 100 |
_aGarlow, John. _d2005 |
||
| 245 |
_aInstructor's solutions manual: _bBeginning & intermediate algebra/ _cJohn Garlow |
||
| 260 |
_aNew Jersey; _bPearson, _c2005. |
||
| 300 |
_a664 p. :ill. _c29cm |
||
| 650 | _aAlgebra. | ||
| 942 |
_2lcc _cBOOKS _hQA 152.2.M37 2005 |
||
| 999 |
_c10282 _d10282 |
||